All Russian Players in NBA - Statistics

General Stats
  • This quiz has been taken 3 times
  • The average score is 6 of 12
Answer Stats
Answer % Correct
Andrei Kirilenko
100%
Alexey Shved
50%
Egor Demin
50%
Pavel Podkolzin
50%
Sasha Kaun
50%
Sergei Bazarevich
50%
Sergei Monia
50%
Sergey Karasev
50%
Timofey Mozgov
50%
Viktor Khryapa
50%
Yaroslav Korolev
50%
Vladislav Goldin
0%
No matching quizzes found
Score Distribution
Percent of People with Each Score
Percentile by Number Answered
Your Score History
You have not taken this quiz